000
00304nam a22001457a 4500
008
221020b ||||| |||| 00| 0 eng d
020
_a
3540154183
041
_a
eng
080
_a
616
082
_a
616
100
_a
14.2
101
_a
inf
245
_a
PATHOLOGY OF BONE
_c
REVELL P
942
_2
udc
_c
BK
999
_c
58625
_d
58625